| 000 | 00736cam a2200157 4500 | ||
|---|---|---|---|
| 001 | WS108086 | ||
| 008 | 000000n 000 0 eng u | ||
| 035 | _a(Sirsi) u108086 | ||
| 041 | _aeng | ||
| 110 |
_aThe Project Management Forum _93932 |
||
| 245 | 4 | _aThe Project Management Forum | |
| 520 | _aSite for this organisation which aims 'to support the pursuit of project management knowledge and understanding'. It gives a directory of project management organisations, a list of worldwide standards, a research directory, a directory of software vendors and a list of worldwide journals. | ||
| 690 |
_aProject management _96261 |
||
| 856 | 4 | 0 |
_uhttps://www.pmforum.org _zView the website free of charge at www.pmforum.org... |
| 942 | _n0 | ||
| 999 |
_c119620 _d119620 |
||